000 00274nam a22001337a 4500
082 _a894.812.3
_bKAV/O
100 _aKAVILPPAD,ABV
245 _aORIKKAL ORIDATH
250 _aFIRST
260 _aTHRISSUR
_bH&C
_c2008
300 _a64
650 _aSTORY
_zKERALA
942 _cBK
999 _c1801
_d1801